=LDR 00000nam 2200000 4500 =001 INLIS000000000008916 =005 20130612100734 =008 ***********************************Ind** =035 ##$$0010-061300000008916 =041 ##$$a Ind =082 ##$$a 164.4 =090 ##$$a 164.4, sir t =100 ##$$a Sirait,Midian =245 ##$$a Tiga Dimensi Farmasi, Uni Teknologi,pelayanan kesehatan,dan potensi ekonomi, Midian Sirait =260 ##$$a 2001 $b Jakarta =300 ##$$a xi,192hlm, 23cm =650 ##$$a farmasi =850 ##$$a NBPNMAT